000 00594nam a2200229Ia 4500
003 OSt
005 20220928135342.0
006 a|||||r|||| 00| 0
007 ta
008 220927b |||||||| |||| 00| 0 eng d
024 _a1428
037 _cTextual
040 _aSDCL
_cSDCL
_beng
041 _2eng
_aeng
082 _aX:328, M2
100 _aMeredith Geoffrey
_9489970
245 0 _aPractice of entrepreneurship
260 _c1982
700 _a Nelson Robert E
_9489971
942 _hX:328, M2
_cTEXL
_2CC
999 _c805278
_d805278